Partis politiques des candidats à la présidentielle française 2022 - Statistiques

Statistiques générales
  • Ce quiz a été pris 460 fois
  • Le résultat moyen est 10 sur 12
Statistiques - réponses
Candidat Parti Politique % Correct
Marine Le Pen Rassemblement National
97%
Valérie Pécresse Les Républicains
95%
Jean Luc Mélenchon La France Insoumise
94%
Anne Hidalgo Parti Socialiste
93%
Nathalie Arthaud Lutte Ouvrière
90%
Eric Zemmour Reconquête
90%
Fabien Roussel Parti Communiste Français
88%
Yannick Jadot Europe Écologie Les Verts
87%
Emmanuel Macron La République en Marche
83%
Philippe Poutou Nouveau Parti Anticapitaliste
81%
Nicolas Dupont-Aignan Debout la France
77%
Jean Lassalle Résistons
61%
Aucun quiz correspondant
Distribution des résultats
% des personnes avec chaque résultat
Percentile par nombre de réponses
Votre historique - résultats
Vous n’avez pas pris ce quiz